Early-age thermal crack control in concrete (Record no. 106646)
[ view plain ]
| 000 -LEADER | |
|---|---|
| fixed length control field | 01275cam a22002295a 4500 |
| 001 - CONTROL NUMBER | |
| control field | L137115 |
| 008 - FIXED-LENGTH DATA ELEMENTS--GENERAL INFORMATION | |
| fixed length control field | 070314s2007 xxkd f st 000 0 eng d |
| 020 ## - INTERNATIONAL STANDARD BOOK NUMBER | |
| International Standard Book Number | 0860176606 |
| -- | 9788861076602 |
| 035 ## - SYSTEM CONTROL NUMBER | |
| System control number | (Sirsi) u137115 |
| 041 0# - LANGUAGE CODE | |
| Language code of text/sound track or separate title | eng |
| 050 04 - LIBRARY OF CONGRESS CALL NUMBER | |
| Classification number | 690 $2 18 |
| 100 1# - MAIN ENTRY--PERSONAL NAME | |
| Personal name | Bamforth, P. B. |
| 245 00 - TITLE STATEMENT | |
| Title | Early-age thermal crack control in concrete |
| 260 ## - PUBLICATION, DISTRIBUTION, ETC. | |
| Place of publication, distribution, etc. | London |
| Name of publisher, distributor, etc. | CIRIA |
| Date of publication, distribution, etc. | 2007 |
| 300 ## - PHYSICAL DESCRIPTION | |
| Extent | 112p. |
| Dimensions | 30cm. + |
| Accompanying material | 1 CD |
| 490 #0 - SERIES STATEMENT | |
| Series statement | CIRIA |
| Volume/sequential designation | C660 |
| 520 ## - SUMMARY, ETC. | |
| Summary, etc. | Provides a method for estimating the magnitude of crack-inducing strain and the risk of cracking. Also provides guidance, where cracking is predicted, on the design of reinforcement to control crack widths. For specific situations where cracking should be avoided or where use of reinforcement to achieve widths is uneconomic or impractical describes measures to minimise the risk; these include selection of materials and mix design, planning pour sizes and construction sequence, the use of insulation to reduce thermal gradients, the use of movement joints, and cooling of the concrete either prior to placing or in situ. |
| 590 ## - LOCAL NOTE (RLIN) | |
| Local note | KA |
| 651 #4 - SUBJECT ADDED ENTRY--GEOGRAPHIC NAME | |
| Geographic name | England and Wales |
| Chronological subdivision | 1543- |
| 690 ## - LOCAL SUBJECT ADDED ENTRY--TOPICAL TERM (OCLC, RLIN) | |
| Topical term or geographic name as entry element | BUILT ENVIRONMENT-BUILDING MATERIALS-CEMENTITIOUS, CONCRETE AND MINERAL BOUND MATERIALS-CONCRETE |
| 942 ## - ADDED ENTRY ELEMENTS (KOHA) | |
| Suppress in OPAC | 0 |
| Withdrawn status | Lost status | Source of classification or shelving scheme | Damaged status | Not for loan | Home library | Current library | Shelving location | Date acquired | Total Checkouts | Full call number | Barcode | Date last seen | Copy number | Price effective from | Koha item type |
|---|---|---|---|---|---|---|---|---|---|---|---|---|---|---|---|
| Dewey Decimal Classification | London | London | Books | 20/08/2007 | F690 BAM | 30071657 | 06/08/2019 | 1 | 06/08/2019 | Book |